[Event "Fouesnant op 14th"]
[Site "Fouesnant"]
[Date "2008.10.31"]
[Round "8"]
[White "Nicolas, Robin"]
[Black "Madaoui, Thomas"]
[Result "1-0"]
[WhiteElo "1199"]
[BlackElo "1390"]
[PlyCount "129"]
[EventDate "2008.10.25"]
[EventType "swiss"]
[EventRounds "9"]
[EventCountry "FRA"]
[SourceTitle "EXT 2009"]
[Source "ChessBase"]
[SourceDate "2008.11.26"]
[SourceVersion "1"]
[SourceVersionDate "2008.11.26"]
[SourceQuality "1"]

1. d4 d5 2. c4 c6 3. Nc3 Nf6 4. Bg5 Ne4 5. Nxe4 dxe4 6. e3 g6 7. f3 exf3 8. Nxf3 Bg7 9. Bd3 c5 10. 0-0 cxd4 11. exd4 Bxd4+ 12. Nxd4 Qxd4+ 13. Rf2 0-0 14. Bxe7 Re8 15. Bf6 Qb6 16. Qf3 Be6 17. Raf1 Nd7 18. b3 Nxf6 19. Qxf6 Rf8 20. Kh1 Rad8 21. Rf3 Qd4 22. Qxd4 Rxd4 23. h3 Rfd8 24. Bc2 Rd2 25. Be4 Rd1 26. Bxb7 Rxf1+ 27. Rxf1 Rd2 28. Ra1 a5 29. Bc6 Rd6 30. Bb5 Bd7 31. Bxd7 Rxd7 32. a3 Ra7 33. Rb1 h5 34. Kh2 f5 35. Kg3 Kg7 36. Kf4 Kf6 37. Rd1 g5+ 38. Kf3 g4+ 39. hxg4 hxg4+ 40. Kf4 Re7 41. Rd6+ Kg7 42. Kxf5 Rf7+ 43. Kxg4 Kh8 44. Rh6+ Kg8 45. Rh5 Rb7 46. Rb5 Ra7 47. Kf4 a4 48. b4 Rf7+ 49. Rf5 Rd7 50. Rd5 Rf7+ 51. Ke5 Re7+ 52. Kf6 Re3 53. Rd8+ Kh7 54. Rd7+ Kh6 55. Rd8 Kh5 56. Kf5 Kh4 57. Kf4 Re4+ 58. Kxe4 Kg3 59. Rf8 Kxg2 60. b5 Kh3 61. Rg8 Kh4 62. Kf5 Kh3 63. Kf4 Kh2 64. Kf3 Kh1 65. Kf2 1-0